| 000 | 00745nam a2200229 i 4500 | ||
|---|---|---|---|
| 001 | 23554 | ||
| 003 | ES-MaACL | ||
| 005 | 20230906152908.0 | ||
| 007 | t| | ||
| 008 | 021211s1985 sp ||||1| spa d | ||
| 020 | _a84-7509-363-9 | ||
| 100 | 1 |
_aAllport, Gordon W. _920055 |
|
| 245 | 1 | 0 |
_aDesarrollo y cambio _b: consideraciones básicas para una psicología de la personalidad / _cG.W. Allport ; [traducción de N. Sito y M. Accinelli]. |
| 260 |
_aBarcelona, etc. : _bPaidós, _c1985. |
||
| 300 |
_a127 p. ; _c20 cm. |
||
| 490 | 1 |
_aPaidós studio ; _v52 |
|
| 700 | 1 |
_aSito, N. _9106708 |
|
| 700 | 1 |
_aAccinelli, M. _918206 |
|
| 830 | 0 |
_aPaidós studio ; _v52 _9178141 |
|
| 852 |
_aES-MaACL _jL-10891 _bR.111758 |
||
| 999 |
_c23554 _d23554 |
||